A study of the Gospel of Mark. (Record no. 7396)

MARC details
000 -LEADER
fixed length control field 00636cam a22002291 4500
001 - CONTROL NUMBER
control field 7007531
003 - CONTROL NUMBER IDENTIFIER
control field GBCCL
005 - DATE AND TIME OF LATEST TRANSACTION
control field 20241126110627.0
008 - FIXED-LENGTH DATA ELEMENTS--GENERAL INFORMATION
fixed length control field 771216s1958 tnu 000 0 eng
010 ## -
-- 58010534
035 ## - SYSTEM CONTROL NUMBER
System control number (OCoLC)3499105
040 ## - CATALOGING SOURCE
Original cataloging agency DLC
Transcribing agency TxAbH
Modifying agency DLC
050 00 -
-- BS2586
-- .P4
082 ## - DEWEY DECIMAL CLASSIFICATION NUMBER
Classification number 226.3007
Item number PET
100 1# - MAIN ENTRY--PERSONAL NAME
Personal name Peterson, Hugh R.,
Dates associated with a name 1903-
9 (RLIN) 13086
245 02 - TITLE STATEMENT
Title A study of the Gospel of Mark.
260 ## - PUBLICATION, DISTRIBUTION, ETC.
Place of publication, distribution, etc. Nashville,
Name of publisher, distributor, etc. Convention Press
Date of publication, distribution, etc. [1958]
300 ## - PHYSICAL DESCRIPTION
Extent 150 p.
Dimensions 19 cm.
630 00 - SUBJECT ADDED ENTRY--UNIFORM TITLE
Uniform title Bible.
Name of part/section of a work Mark
Form subdivision Textbooks.
9 (RLIN) 13087
906 ## - LOCAL DATA ELEMENT F, LDF (RLIN)
a 7
b cbc
c oclcrpl
d u
e ncip
f 19
g y-gencatlg
942 ## - ADDED ENTRY ELEMENTS (KOHA)
Source of classification or shelving scheme Dewey Decimal Classification
Koha item type Books
Koha issues (borrowed), all copies 12
Holdings
Withdrawn status Lost status Source of classification or shelving scheme Damaged status Not for loan Home library Current Library Shelving location Date acquired Total checkouts Full call number Barcode Date last seen Date last checked out Copy number Price effective from Koha item type
    Dewey Decimal Classification     GRACE BIBLE COLLEGE GRACE BIBLE COLLEGE Biblical Studies 2018-08-06 3 226.3007 PET 000053 2025-05-01 2024-02-22 c.1 2018-08-06 Books
    Dewey Decimal Classification     GRACE BIBLE COLLEGE GRACE BIBLE COLLEGE Biblical Studies 2018-08-06 2 226.3007 PET 000054 2025-05-01 2025-01-17 c.2 2018-08-06 Books
    Dewey Decimal Classification     GRACE BIBLE COLLEGE GRACE BIBLE COLLEGE Biblical Studies 2018-08-06 2 226.3007 PET 002386 2025-05-01 2024-03-12 c.3 2018-08-06 Books
    Dewey Decimal Classification     GRACE BIBLE COLLEGE GRACE BIBLE COLLEGE Biblical Studies 2018-08-06   226.3007 PET 002387 2025-05-01   c.4 2018-08-06 Books
    Dewey Decimal Classification     GRACE BIBLE COLLEGE GRACE BIBLE COLLEGE Biblical Studies 2018-08-06 5 226.3007 PET 002388 2025-05-01 2024-02-29 c.5 2018-08-06 Books
    Dewey Decimal Classification     GRACE BIBLE COLLEGE GRACE BIBLE COLLEGE Biblical Studies 2018-08-06 2 226.3007 PET 002389 2026-02-26 2026-02-23 c.6 2018-08-06 Books
© Grace Bible College Library 2025